Štandardné bilancovanie vo VSŽ Stabilitou hút nič neotriaslo

Bibliographic Details
Main Author: (pal) (Author)
Format: Article
Language:Slovak
Subjects:

MARC

LEADER 00000nab a2200000 a 4500
001 vtls000925627
003 SK-MaSNL
005 20260303033657.0
008 140301e19950505xo 0 slo
035 |a KE34504 
040 |a KEVKJB  |b slo  |c KEVKJB  |e AACR2 
041 0 |a slo 
044 |a xo  |c SK 
080 |a 669.1  |2 1981 
100 0 |a (pal)  |4 aut  |9 880744 
245 1 0 |a Štandardné bilancovanie vo VSŽ  |b Stabilitou hút nič neotriaslo 
610 2 7 |a Východoslovenské železiarne (Košice, Slovensko)  |2 KEVKJB 
648 7 |a 1994  |2 snkbucl  |9 270209 
650 0 7 |a hospodárenie  |2 KEVKJB  |9 322275 
650 0 7 |a výsledky  |2 KEVKJB  |9 493505 
651 7 |a Košice (Slovensko)  |2 KEVKJB  |9 18694 
773 0 8 |t Hospodárske noviny, č.86, 5.5.1995, s. 3 
852 |a ZVYKNI  |b KIS3GCP 
999 |c 1671021  |d 1672951